Η παιδική λογοτεχνία στην πρωτοσχολική εκπαίδευση (πρώτη και δευτέρα τάξη) ως μέσο της λογοτεχνικής εξοικείωσης και της γλωσσικής ανάπτυξης του παιδιού : διδακτορική διατριβή

Αποθηκεύτηκε σε:
Λεπτομέρειες βιβλιογραφικής εγγραφής
Κύριος συγγραφέας: Τσιαγκάνη, Θεοδώρα
Συγγραφή απο Οργανισμό/Αρχή: Πανεπιστήμιο Αιγαίου Σχολή Ανθρωπιστικών Επιστημών Τμήμα Επιστημών της Προσχολικής Αγωγής και του Εκπαιδευτικού Σχεδιασμού
Άλλοι συγγραφείς: Αναγνωστοπούλου, Διαμάντη (Εισηγητής διατριβής)
Μορφή: Thesis Βιβλίο
Γλώσσα:Greek
Δημοσίευση: 2011
Θέματα:
Διαθέσιμο Online:http://hdl.handle.net/11610/10889
Ετικέτες: Προσθήκη ετικέτας
Δεν υπάρχουν, Καταχωρήστε ετικέτα πρώτοι!

MARC

LEADER 00000cam a2200000 i 4500
001 1/18379
008 120314s2011 gre d
035 |l 10112051 
040 |a GR-MY-UA  |b gre  |e aacr 
041 0 |a gre 
082 0 |a 372.21  |2 (22) 
100 1 |a Τσιαγκάνη, Θεοδώρα. 
245 1 2 |a Η παιδική λογοτεχνία στην πρωτοσχολική εκπαίδευση (πρώτη και δευτέρα τάξη) ως μέσο της λογοτεχνικής εξοικείωσης και της γλωσσικής ανάπτυξης του παιδιού :  |b διδακτορική διατριβή /  |c Θεοδώρα Τσιαγκάνη ; επιβλέπουσα: Αναγνωστοπούλου Διαμάντη 
260 |c 2011 
300 |a 433 σ.;  |b πιν., εικ.;  |c 30 εκ. 
500 |a Μέλη εξεταστικής επιτροπής: Ζερβού Αλεξάνδρα ... [κ.ά.] 
502 # # |a Διατριβή (διδακτορική) – Πανεπιστήμιο Αιγαίου, Ρόδος, 2011. 
504 |a Βιβλιογραφία: σ. 347-371 
650 0 0 |a Children's literature  |x Study and teaching (Preschool) 
650 0 0 |a Children's literature  |x Study and teaching (Primary) 
650 0 0 |a Greek language, Modern  |x Study and teaching. 
650 0 0 |a Literature  |x Study and teaching (Primary) 
650 0 0 |a Dissertations, Academic  |z Greece. 
700 1 |a Αναγνωστοπούλου, Διαμάντη.  |4 ths 
710 2 |a Πανεπιστήμιο Αιγαίου  |b Σχολή Ανθρωπιστικών Επιστημών  |b Τμήμα Επιστημών της Προσχολικής Αγωγής και του Εκπαιδευτικού Σχεδιασμού. 
852 |a INST  |b RHODES  |c DIATR  |e 20120314  |h 372.21 ΤΣΙ  |p 005400034153  |q 005400034153  |t PHD  |y 23 
852 |a INST  |b RHODES  |c DIATR  |e 20120314  |h 372.21 ΤΣΙ  |p 005400034154  |q 005400034154  |t PHD  |y 23 
856 |u http://hdl.handle.net/11610/10889 
901 |a BIBL4-2012-1 
909 |a Ρ  |b 170793 
909 |a Ρ  |b 170794 
924 |a ΤΣΙΑΓΚΑΝΗ  |b ΘΕΟΔΩΡΑ  |y ΡΟΔΟΣ  |z 2011 
970 |z 2012/03/14